| 000 | 00379nam a2200145Ia 4500 | ||
|---|---|---|---|
| 008 | 231129s2005||||xx |||||||||||||| ||spa|| | ||
| 020 | _a958-33-8328-7 | ||
| 040 | _bspa | ||
| 082 | _aV860.4 R173a | ||
| 100 | _aRámirez Márquez Alister | ||
| 245 | 0 | _aAndrés Bello: Critico | |
| 260 | _c2005 | ||
| 264 | _aAla de Mosca | ||
| 942 |
_2ddc _cBKS |
||
| 999 |
_c5158 _d5158 |
||